000 02557nam a2200589 a 4500
005 20240430094201.0
008 100315s2013||||sp a f |||| 001 0 spa d
020 _a9788498353594
041 _aspa
092 _c616.8083
_l10
_sCAM
100 1 _aCampistol Plana, Jaume.
_9458
_eDir.
245 _aNeurología para pediatras.
_bEnfoque y manejo práctico /
_cJaume Campistol Plana
250 _a1a ed.
260 _aMadrid:
_bEditorial Médica Panamericana;
_c2011.
300 _a494 p.
_c19x27 cm.
_bil.
500 _aCampistol Plana, J. (Dir.). et al. (2011). Neurología para pediatras. Enfoque y manejo práctico. (1a ed.). Madrid : Editorial Médica Panamericana.
653 _aAspectos generales de neurología pediátrica
653 _aNeurología fetal y neonatal
653 _aVariaciones en el tamaño de la cabeza.Microcefalia.Macrocefalia
653 _aVariaciones de la forma de la cabeza
653 _aMalformaciones del sistema nerviosos central
653 _aDesarrollo psicomotor.Retardo de desarrollo
653 _aParálisis cerebral infantil
653 _aRetraso mental
653 _aAutismo.Trastornos generalizados del desarrollo
653 _aa
653 _aTrastornos del aprendizaje
653 _aTrastornos del comportamiento en niños y adolescentes
653 _aTrastornos del lenguaje
653 _aTrastornos paroxísticos no epilépticos en los primeros años
653 _aConvulsiones y epilepsias del recien nacido
653 _aConvulsiones y epilepsias del niño y adolescente
653 _aEnfoque terapéutico de las convulsiones agudas y de las epilepsias
653 _aTrastornos del movimiento
653 _aSíndrome cerebeloso en la infancia
653 _aCefaleas en el niño y adolescentes
653 _aEl sueño normal y trastornos del sueño
653 _aAccidentes cerebrovasculares
653 _aInfecciones del sistema nerviosos central
653 _aEnfermedades autoinmunes e inflamatorias del sistema nervioso
653 _aSíndromes neurocutáneos
653 _aPatología neuromuscular
653 _aTraumatismo craneal. Depresión del sensorio en el niño
653 _aTumores del sistema nerviosos central
653 _aEnfermedades Neurometabólicas
653 _aEnfermedades neurodegenerativas en pediatría
653 _aEl dolor en pediatría.Opciones terapéuticas
700 1 _aArroyo, Hugo A.
_9459
_eCoord.
700 1 _aPoó Argüelles,Pilar
_eCoord.
_92865
700 1 _aRuggieri,Víctor
_eCoord.
_92866
942 _2ddc
_cBK
999 _c2070
_d2070